Handbook of pathophysiology

The Handbook of Pathophysiology is designed for the health care professional who enjoys the challenge of science-based practice. It is an easay-to-use reference that provides a synopsis of updated information on the major pathophysiologic disease processes. This handbook presents more than 450 disea...

ver descrição completa

Na minha lista:
Detalhes bibliográficos
Formato: Livro
Idioma:Undetermined
Publicado em: Springhouse, Pa. Springhouse Corp 2001
Assuntos:
Tags: Adicionar Tag
Sem tags, seja o primeiro a adicionar uma tag!
Thư viện lưu trữ: Trung tâm Học liệu Trường Đại học Cần Thơ
LEADER 00832nam a2200181Ia 4500
001 CTU_137935
008 210402s9999 xx 000 0 und d
020 |c 600000 
082 |a 616.07 
082 |b H236 
245 0 |a Handbook of pathophysiology 
260 |a Springhouse, Pa. 
260 |b Springhouse Corp 
260 |c 2001 
520 |a The Handbook of Pathophysiology is designed for the health care professional who enjoys the challenge of science-based practice. It is an easay-to-use reference that provides a synopsis of updated information on the major pathophysiologic disease processes. This handbook presents more than 450 diseases. 
650 |a Physiology, Pathological,Pathology,Physiology,Sinh lý học,Bệnh lý học 
904 |i Trọng Hải 
980 |a Trung tâm Học liệu Trường Đại học Cần Thơ